The Scottish Building Standards procedural handbook (Record no. 103878)

MARC details
000 -LEADER
fixed length control field 01280cam a2200253 4500
001 - CONTROL NUMBER
control field E128243
008 - FIXED-LENGTH DATA ELEMENTS--GENERAL INFORMATION
fixed length control field 000000n2004 000 0 eng u
035 ## - SYSTEM CONTROL NUMBER
System control number (Sirsi) u128243
041 ## - LANGUAGE CODE
Language code of text/sound track or separate title eng
050 ## - LIBRARY OF CONGRESS CALL NUMBER
Classification number 692.209411
-- 18
110 ## - MAIN ENTRY--CORPORATE NAME
Corporate name or jurisdiction name as entry element Scottish Building Standards Agency
9 (RLIN) 4655
245 04 - TITLE STATEMENT
Title The Scottish Building Standards procedural handbook
260 ## - PUBLICATION, DISTRIBUTION, ETC.
Place of publication, distribution, etc. Edinburgh
Name of publisher, distributor, etc. SBSA
Date of publication, distribution, etc. 2004
300 ## - PHYSICAL DESCRIPTION
Extent vi, 79p.
Dimensions 30cm.
520 ## - SUMMARY, ETC.
Summary, etc. Explains the procedures set up by the Building (Scotland) Act 2003 and the Building (Procedure) (Scotland) Regulations 2004. The purpose of the Handbook is to clarify the intent of the procedure regulations and expand upon the procedures set out by the Act. Unlike the Technical Handbooks and other guidance documents issued by Scottish Ministers to support the building regulations, this handbook has no specific legal status, but is designed to aid the practical operation of the procedures.
520 ## - SUMMARY, ETC.
Summary, etc. Superseded by Second edition (E137907).
650 ## - SUBJECT ADDED ENTRY--TOPICAL TERM
Topical term or geographic name entry element SCOTTISH BUILDING REGULATIONS
650 ## - SUBJECT ADDED ENTRY--TOPICAL TERM
Topical term or geographic name entry element SCOTTISH BUILDING STANDARDS
650 ## - SUBJECT ADDED ENTRY--TOPICAL TERM
Topical term or geographic name entry element BUILDING (SCOTLAND) ACT 2003
650 ## - SUBJECT ADDED ENTRY--TOPICAL TERM
Topical term or geographic name entry element SCOTLAND
690 ## - LOCAL SUBJECT ADDED ENTRY--TOPICAL TERM (OCLC, RLIN)
Topical term or geographic name as entry element BUILT ENVIRONMENT-BUILDING STANDARDS
856 ## - ELECTRONIC LOCATION AND ACCESS
Host name http://www.scotland.gov.uk/Resource/Doc/217736/0092355.pdf
942 ## - ADDED ENTRY ELEMENTS (KOHA)
Suppress in OPAC 0

No items available.